Engineering mechanics (Record no. 544907)
[ view plain ]
| 000 -LEADER | |
|---|---|
| fixed length control field | 00725cam a2200181K 4500 |
| 082 04 - DEWEY DECIMAL CLASSIFICATION NUMBER | |
| Classification number | 620.1 |
| Author Mark | HIG |
| -- | L-5, P-17 |
| 100 1# - MAIN ENTRY--PERSONAL NAME | |
| Personal name | Higdon, Archie, |
| 9 (RLIN) | 40653 |
| 245 10 - TITLE STATEMENT | |
| Title | Engineering mechanics |
| Statement of responsibility, etc. | by Archie Higdon and William B. Stiles in collaboration with Arthur W. Davis and Herbert O. Ustrud. |
| 260 ## - PUBLICATION, DISTRIBUTION, ETC. | |
| Place of publication, distribution, etc. | New York, |
| Name of publisher, distributor, etc. | Prentice-Hall, |
| Date of publication, distribution, etc. | 1949. |
| 300 ## - PHYSICAL DESCRIPTION | |
| Extent | 1 online resource (xvii, 505 p.) |
| Other physical details | illus. |
| 490 1# - SERIES STATEMENT | |
| Series statement | Prentice-Hall civil engineering and engineering mechanics series |
| 526 ## - STUDY PROGRAM INFORMATION NOTE | |
| Program name | 0 |
| Interest level | 0 |
| Reading level | 0 |
| Title point value | 620_100000000000000_HIG |
| 650 #0 - SUBJECT ADDED ENTRY--TOPICAL TERM | |
| Topical term or geographic name entry element | MCE |
| 9 (RLIN) | 379 |
| 650 #0 - SUBJECT ADDED ENTRY--TOPICAL TERM | |
| Topical term or geographic name entry element | Mechanics, Applied. |
| 9 (RLIN) | 13090 |
| 700 1# - ADDED ENTRY--PERSONAL NAME | |
| Personal name | Stiles, William Barnard, |
| 9 (RLIN) | 40654 |
| 856 40 - ELECTRONIC LOCATION AND ACCESS | |
| Uniform Resource Identifier | <a href="http://catalog.hathitrust.org/api/volumes/oclc/1657598.html">http://catalog.hathitrust.org/api/volumes/oclc/1657598.html</a> |
| 942 ## - ADDED ENTRY ELEMENTS (KOHA) | |
| Source of classification or shelving scheme | |
| Koha item type | Book |
| Withdrawn status | Lost status | Source of classification or shelving scheme | Damaged status | Not for loan | Permanent Location | Current Location | Date acquired | Total Checkouts | Full call number | Barcode | Date last seen | Price effective from | Koha item type |
|---|---|---|---|---|---|---|---|---|---|---|---|---|---|
| Military College of Engineering (MCE) | Military College of Engineering (MCE) | 05/14/2014 | 620.1 HIG | MCE-1586 | 05/14/2014 | 05/14/2014 | Book |
